Modeling the supply chain (Record no. 298748)
[ view plain ]
| 000 -LEADER | |
|---|---|
| fixed length control field | 00337 a2200157 4500 |
| 001 - CONTROL NUMBER | |
| control field | 63675 |
| 082 ## - DEWEY DECIMAL CLASSIFICATION NUMBER | |
| Classification number | 658.7SHA |
| 090 ## - LOCALLY ASSIGNED LC-TYPE CALL NUMBER (OCLC); LOCAL CALL NUMBER (RLIN) | |
| -- | 37674 |
| -- | 37674 |
| 100 ## - MAIN ENTRY--PERSONAL NAME | |
| Personal name | Shapiro,J.F |
| 245 ## - TITLE STATEMENT | |
| Title | Modeling the supply chain |
| 250 ## - EDITION STATEMENT | |
| Edition statement | 1 |
| 260 ## - PUBLICATION, DISTRIBUTION, ETC. | |
| Name of publisher, distributor, etc. | Thomson Duxbury |
| 300 ## - PHYSICAL DESCRIPTION | |
| Extent | xii,586p. |
| 500 ## - GENERAL NOTE | |
| General note | supply chain |
| 740 ## - ADDED ENTRY--UNCONTROLLED RELATED/ANALYTICAL TITLE | |
| Uncontrolled related/analytical title | supply chain |
| 942 ## - ADDED ENTRY ELEMENTS (KOHA) | |
| Institution code [OBSOLETE] | NUST-CAE |
| Call number prefix | 658.7SHA |
| Withdrawn status | Lost status | Damaged status | Not for loan | Collection code | Permanent Location | Current Location | Date acquired | Total Checkouts | Full call number | Barcode | Date last seen | Price effective from | Koha item type |
|---|---|---|---|---|---|---|---|---|---|---|---|---|---|
| College of Aeronautical Engineering (CAE) | College of Aeronautical Engineering (CAE) | 04/03/2017 | 658.7SHA | CAEN-3115 | 04/05/2017 | 04/05/2017 | Book |
